Giáo trình luật hiến pháp Việt Nam

Gồm 18 chương trình bày các nội dung: Những vấn đề cơ bản về luật hiến pháp; Sự ra đời và phát triển của hiến pháp trong lịch sử; Sự ra đời và phát triển của nền lập hiến Việt Nam; Chế độ chính trị; Chế độ kinh tế; Chính sách xã...

Full description

Saved in:
Bibliographic Details
Main Author: Thái, Vĩnh Thắng
Other Authors: Vũ, Hồng Anh
Format: Book
Language:Undetermined
Published: H. Công An Nhân Dân 2010
Subjects:
Online Access:http://lrc.tdmu.edu.vn/opac/search/detail.asp?aID=2&ID=19952
Tags: Add Tag
No Tags, Be the first to tag this record!
Institutions: Trung tâm Học liệu Trường Đại học Thủ Dầu Một
LEADER 01320nam a2200217Ia 4500
001 TDMU_19952
008 210410s9999 xx 000 0 und d
082 |a 342.597026 
090 |b TH103 
100 |a Thái, Vĩnh Thắng 
245 0 |a Giáo trình luật hiến pháp Việt Nam 
245 0 |c Thái Vĩnh Thắng, Vũ Hồng Anh 
260 |a H. 
260 |b Công An Nhân Dân 
260 |c 2010 
300 |a 560tr. 
520 |a Gồm 18 chương trình bày các nội dung: Những vấn đề cơ bản về luật hiến pháp; Sự ra đời và phát triển của hiến pháp trong lịch sử; Sự ra đời và phát triển của nền lập hiến Việt Nam; Chế độ chính trị; Chế độ kinh tế; Chính sách xã hội, văn hóa, giáo dục, khoa học và công nghệ...; LU Bộ máy nhà nước; LU Luật bầu cử; LU Luật hiến pháp 
650 |a Luật hiến pháp  |z Việt Nam  |v Giáo trình; Việt Nam  |x Luật và Pháp chế  |x Luật Hiến pháp 
700 |a Vũ, Hồng Anh 
856 |u http://lrc.tdmu.edu.vn/opac/search/detail.asp?aID=2&ID=19952 
980 |a Trung tâm Học liệu Trường Đại học Thủ Dầu Một